[Event "Castilla La Mancha Region U16"]
[Site "Horche"]
[Date "2015.03.29"]
[Round "5.5"]
[White "Perales Paton, Miguel"]
[Black "Romero Moreno, Vicente"]
[Result "1-0"]
[WhiteElo "1508"]
[BlackElo "1502"]
[PlyCount "27"]
[EventDate "2015.03.27"]
[EventType "swiss"]
[EventRounds "6"]
[EventCountry "ESP"]
[SourceTitle "EXT 2024"]
[Source "ChessBase"]
[SourceDate "2023.10.10"]
[SourceVersion "1"]
[SourceVersionDate "2023.10.10"]
[SourceQuality "1"]

1. d4 Nf6 2. Nf3 d5 3. Bf4 e6 4. e3 c5 5. c3 Be7 6. Bd3 0-0 7. Nbd2 b6 8. Ne5 Qe8 9. Rc1 Ba6 10. Bb1 Qb5 11. b3 Nbd7 12. a4 Qa5 13. Nc6 Be2 14. Qxe2 1-0